AH International Schools' Libraries

The taming of the shrew / (Record no. 49508)

MARC details
000 -LEADER
fixed length control field 00281nam a2200109 4500
020 ## - INTERNATIONAL STANDARD BOOK NUMBER
International Standard Book Number 9781782265689
100 ## - MAIN ENTRY--PERSONAL NAME
Personal name Shakespeare
9 (RLIN) 86663
245 ## - TITLE STATEMENT
Title The taming of the shrew /
Statement of responsibility, etc Shakespeare
260 ## - PUBLICATION, DISTRIBUTION, ETC. (IMPRINT)
Place of publication, distribution, etc UK
Name of publisher, distributor, etc Sweet Cherry
Date of publication, distribution, etc 2019
300 ## - PHYSICAL DESCRIPTION
Extent 64 p.
Other physical details col. ill.
Dimensions 20 cm.
942 ## - ADDED ENTRY ELEMENTS (KOHA)
Source of classification or shelving scheme
Koha item type Book
Holdings
Withdrawn status Lost status Source of classification or shelving scheme Damaged status Not for loan Home library Current library Shelving location Date acquired Total Checkouts Full call number Barcode Date last seen Date checked out Price effective from Koha item type
          Asian Hope Primary Library Asian Hope Primary Library Junior Fiction 09/04/2025 5 J FIC SHA 208091 04/22/2026 04/08/2026 09/04/2025 Book

For any Logos Library related questions please contact Miss Art at swongnarasuk@asianhope.org.

For any Asian Hope Library related questions please contact Miss Raza at graza@asianhope.org.

Powered by Koha